मंत्र; यंत्र आणि व्रतवैकल्ये. (Record no. 276706)

MARC details
000 -LEADER
fixed length control field 00907nam a2200181Ia 4500
008 - FIXED-LENGTH DATA ELEMENTS--GENERAL INFORMATION
fixed length control field 090630s9999 xx 000 0 und d
082 ## - DEWEY DECIMAL CLASSIFICATION NUMBER
Item number 24850
100 ## - MAIN ENTRY--PERSONAL NAME
Personal name अभ्यंकर रा. वि. / सौ ठाकूर निमा.
245 ## - TITLE STATEMENT
Title मंत्र; यंत्र आणि व्रतवैकल्ये.
Statement of responsibility, etc अभ्यंकर रा. वि. / सौ ठाकूर निमा.
260 ## - PUBLICATION, DISTRIBUTION, ETC. (IMPRINT)
Name of publisher, distributor, etc आमोद - मुंबई.
Date of publication, distribution, etc 2005
300 ## - PHYSICAL DESCRIPTION
Extent 96
600 ## - SUBJECT ADDED ENTRY--PERSONAL NAME
Personal name अभ्यंकर रा. वि. / सौ ठाकूर निमा.
630 ## - SUBJECT ADDED ENTRY--UNIFORM TITLE
Uniform title मंत्र; यंत्र आणि व्रतवैकल्ये.
655 ## - INDEX TERM--GENRE/FORM
Genre/form data or focus term धार्मिक.
700 ## - ADDED ENTRY--PERSONAL NAME
Personal name अभ्यंकर रा. वि. / सौ ठाकूर निमा.
730 ## - ADDED ENTRY--UNIFORM TITLE
Uniform title मंत्र; यंत्र आणि व्रतवैकल्ये.
942 ## - ADDED ENTRY ELEMENTS (KOHA)
Koha item type Book
Holdings
Withdrawn status Lost status Damaged status Not for loan Home library Current library Date acquired Cost, normal purchase price Total Checkouts Full call number Barcode Date last seen Cost, replacement price Price effective from Koha item type
        Sarvajanik Wachanalaya Shrivardhan Sarvajanik Wachanalaya Shrivardhan 06/08/2006 70.00   24850 SAWASHRI-24850 06/30/2009 70.00 06/30/2009 Book